01354nam a22003137a 45000010005000000030006000050050017000110080041000280200018000690400029000870500014001160820010001301000029001402450071001692500022002402600036002623000044002985050007003425200268003495210019006175210018006366500023006546500021006777000029006989420015007279990015007429520147007579520136009045487FISKH20250814143048.0241211b cb ||||| |||| 00| 0 eng d a9780439351812 aFISKHbengcFISKHdFISKH aHD9940.U6 a338.7 aBurgan, Michaeld(1960-) aThe story of Levi's /cby Michael Burgan illustrated by Ron Himler aPublished in 2002 aNew York :bScholastic, c2002. a16 page :bcolor illustrations ;c23 cm aR  aLevi Strauss is born in Buttenheim, Bavaria. After working with his brothers in their dry goods wholesale business in New York City, Levi emigrates to Gold Rush San Francisco. He opens his own dry goods business to serve small general stores of the American West.8 a660L bLexile 8 aR bRaz-Plus  2BiographyaLevel T 2FashionaHistory aHimler, RondIllustrator 2ddccBKn0 c5487d5487 00102ddc40708JUVFa001b001cTK Oranged2024-12-11l1oBUR 338.7 HD9940.U6pFISTK04780r2025-10-03 08:08:09s2025-09-12t1w2024-12-11yBK 00102ddc40708JUVFa002b002cTTP Oranged2025-08-14l0oBUR 338.7 HD9940.U6pFISSE01309r2025-08-14 14:30:46t2w2025-08-14yBK